header

Wi-Fi telephony (Record no. 237961)

MARC details
000 -LEADER
fixed length control field 01492nam a2200385 a 4500
082 04 - DEWEY DECIMAL CLASSIFICATION NUMBER
Classification number 004.69
100 1# - MAIN ENTRY--AUTHOR NAME
Personal name Chandra, Praphul.
245 10 - TITLE STATEMENT
Title Wi-Fi telephony
260 ## - PUBLICATION, DISTRIBUTION, ETC. (IMPRINT)
Place of publication Amsterdam ;
-- Boston :
Name of publisher Elsevier/Newnes,
Year of publication c2007.
300 ## - PHYSICAL DESCRIPTION
Number of Pages xx, 268 p. :
Other physical details ill.
490 1# - SERIES STATEMENT
Series statement Communications engineering series
650 #0 - SUBJECT ADDED ENTRY--TOPICAL TERM
Topical Term Internet telephony.
Topical Term Wireless LANs.
700 1# - ADDED ENTRY--PERSONAL NAME
Personal name Lide, David R.,
856 40 - ELECTRONIC LOCATION AND ACCESS
Uniform Resource Identifier http://site.ebrary.com/lib/rucke/Doc?id=10175585

No items available.

© 2026 Rongo University
Contact us: librarian | system librarian | Rongo university